Normal view
MARC view
- Klenowski, Val,
Entry Nombre Personal
001 - NUMERO DE CONTROL
- campo de control: 46666
003 - IDENTIFICADOR DE NUMERO DE CONTROL
- campo de control: DLC
005 - FECHA Y HORA DE LA ÜLTIMA TRANSACCIÓN
- campo de control: 20220922120454.0
008 - DATOS DE LONGITUD FIJA
- campo de control de longitud fija: 220922n| acannaabn |a aaa
010 ## - NÚMERO DE CONTROL DE LA BIBLIOTECA DEL CONGRESO
- Número de control LC: n 2001091761
040 ## - FUENTE DE CATALOGACIÓN
- Agencia original de catalogación: DLC
- Lenguaje de catalogación: spa
- Agencia de transcripción: DLC
- Agencia que lo modifica: MX-MxUPN
100 1# - ENCABEZAMIENTO - NOMBRE PERSONAL
- Nombre personal: Klenowski, Val,
- Fechas asociadas con el nombre: 1952-
373 ## - GRUPO ASOCIADO
- Associated group: Universidad de Londres. Instituto de Educación
400 1# - VEÁSE - NOMBRE DE PERSONA
- Personal name: Klenowski, Valentina,
- Dates associated with a name: 1952-
670 ## - FUENTE EN LA QUE SE LOCALIZARON DATOS
- Cita de la fuente: Klenowski, Val. Developing portfolios for learning and assessment, 2002:
- Información localizada: Catalogación en publicación en portada (Val Klenowski) galería (sr. lecturer in curriculum studies, Inst. of Education, Univ. of London) hoja de datos (Klenowski, Valentina; b. July 30, 1952)
670 ## - FUENTE EN LA QUE SE LOCALIZARON DATOS
- Cita de la fuente: Desarrollo de portafolios para el aprendizaje y evaluación, 2005:
- Información localizada: Portada (Val Klenowski) cubierta (profesora invitada en el Instituto de Educación de la Universidad de Londres sobre temas de currículo y ha dirigido cursos de maestría sobre evaluación en Hong Kong y Australia).
902 ## - CATALOGADOR
- Catalogador: VAGG/220922
